| 000 | 00748nam0a22002651 4500 | ||
|---|---|---|---|
| 001 | RU\INGAK2\INFOCOMM_322\NLR\5000111512 | ||
| 005 | 20250625202345.0 | ||
| 035 | _a(NLR Aleph) 011022739 | ||
| 090 |
_a11075762 _c11075762 |
||
| 100 | _a20121215d1919 |||y0rusy50 ca | ||
| 101 | 0 | _ascr | |
| 102 | _aRU | ||
| 105 | _ay z|||| | ||
| 200 | 1 |
_aKaj hočejo komunisti? _fJužno-slovanska stranka komunistov (boljśevikov) |
|
| 210 |
_aM. _cBibl. "Komunist" _d1919 |
||
| 215 |
_a19 с. _d23 см |
||
| 300 | _aНа тит. л.: № 16 | ||
| 620 | _aМосква | ||
| 686 |
_aМ-Л7-15 _2rubbk |
||
| 700 | 1 |
_aKun _bB. _f1886-1939 _gBéla |
|
| 801 | 1 |
_aRU _bInfoComm _c20121215 |
|
| 801 | 0 |
_aRU _bNLR _gPSBO |
|
| 852 |
_aNLR _jС-11/267 |
||
| 942 | _cBOOK | ||
| 980 | _aNB | ||